| 000 | 00472cam a2200169ua 4500 | ||
|---|---|---|---|
| 020 | _c35.00 | ||
| 041 |
_aeng _h |
||
| 082 |
_a005.133 _bHAS/CO |
||
| 100 | _aHasan, M.M . | ||
| 245 |
_aComputer programming in BASIC: a guide to programming micro computers and mini computers / _cM.M.Hasan. _hTextual Documents |
||
| 260 |
_aDelhi : _bDhanpath Rai and sons , _c1983. |
||
| 300 | _a361 ; . | ||
| 365 | _a35.00 | ||
| 504 | _a | ||
| 942 | _cBK | ||
| 999 |
_c9701 _d9701 |
||